Mystery Taylor Swift Song #130 - Statistics

General Stats
  • This quiz has been taken 230 times
  • The average score is 114 of 157
Answer Stats
Song % Correct
"I
91%
I
91%
you
89%
a
88%
Fearless
88%
love
88%
the
87%
it
86%
me
86%
and
85%
be
84%
to
84%
We
84%
when
84%
all
83%
can
83%
do
83%
in
83%
is
83%
my
83%
So
83%
were
83%
we're
83%
your
83%
it's
82%
It's
82%
"It's
82%
He
81%
I'll
81%
I'm
80%
On
80%
saw
80%
That
80%
don't
79%
first
79%
was
79%
alone
78%
ever
78%
go
78%
go"
78%
just
78%
Romeo
78%
said
78%
say
78%
story
78%
take
78%
there
78%
But
77%
eyes
77%
Juliet"
77%
Juliet
77%
somewhere
77%
this
77%
young
77%
away
76%
baby
76%
dad
76%
from
76%
know
76%
of
76%
out
76%
See
76%
"Stay
76%
"Yes"
76%
'Yes'"
76%
You'll
76%
"You'll
76%
close
75%
daddy
75%
if
75%
prince
75%
princess
75%
standing
75%
that's
75%
both
74%
did
74%
for
74%
Love Story
74%
waiting
74%
'cause
73%
have
73%
I've
73%
"Please
73%
run
73%
summer
73%
they
73%
air
72%
feel
72%
got
72%
Little
72%
oh
72%
what
72%
flashback
71%
make
71%
balcony
70%
been
70%
Begging
70%
never
70%
real
70%
starts
70%
way
69%
how
68%
"Hello"
67%
knew
67%
party
67%
save
67%
tell
67%
think
67%
throwing
67%
left
66%
"Marry
66%
tired
66%
white
66%
around
65%
head?
65%
really
65%
ball
64%
come
64%
crying
64%
dress
64%
feeling
64%
garden
64%
ground
64%
lights
64%
pebbles
64%
ring
64%
through
64%
we'll
64%
while
64%
Wondering
64%
coming
63%
everything
63%
letter
63%
pulled
63%
scarlet
63%
sneak
63%
talked
63%
afraid
62%
crowd
62%
difficult
62%
faith
62%
keep
62%
they're
62%
town
62%
pick
61%
quiet
61%
staircase
61%
gowns
60%
met
60%
fading
59%
mess
59%
trying
59%
dead
58%
there's
55%
knelt
53%
Escape
52%
outskirts
51%
No matching quizzes found
Score Distribution
Percent of People with Each Score
Percentile by Number Answered
Your Score History
You have not taken this quiz